<?xml version="1.0" encoding="UTF-8"?>
<record
    xmlns:xsi="http://www.w3.org/2001/XMLSchema-instance"
    xsi:schemaLocation="http://www.loc.gov/MARC21/slim http://www.loc.gov/standards/marcxml/schema/MARC21slim.xsd"
    xmlns="http://www.loc.gov/MARC21/slim">

  <leader>00355nam a22001337a 4500</leader>
  <datafield tag="020" ind1=" " ind2=" ">
    <subfield code="q">PB.</subfield>
  </datafield>
  <datafield tag="040" ind1=" " ind2=" ">
    <subfield code="c">FIZZA ISHAQ</subfield>
  </datafield>
  <datafield tag="082" ind1=" " ind2=" ">
    <subfield code="a">681.2</subfield>
    <subfield code="b">CAR</subfield>
  </datafield>
  <datafield tag="100" ind1=" " ind2=" ">
    <subfield code="a">MORAIS,DE CARLOS.</subfield>
    <subfield code="9">91227</subfield>
  </datafield>
  <datafield tag="245" ind1=" " ind2=" ">
    <subfield code="a">AD HOC &amp; SENSOR NETWORKS THEORY AND APPLICATIONS /</subfield>
    <subfield code="c">CARLOS DE MORAIS.</subfield>
  </datafield>
  <datafield tag="260" ind1=" " ind2=" ">
    <subfield code="a">SCIENTIFIC PUBLISHING ;</subfield>
    <subfield code="c">2006.</subfield>
  </datafield>
  <datafield tag="300" ind1=" " ind2=" ">
    <subfield code="a">641 P. ;</subfield>
  </datafield>
  <datafield tag="942" ind1=" " ind2=" ">
    <subfield code="2">ddc</subfield>
    <subfield code="c">BK</subfield>
  </datafield>
  <datafield tag="999" ind1=" " ind2=" ">
    <subfield code="c">589405</subfield>
    <subfield code="d">589405</subfield>
  </datafield>
  <datafield tag="952" ind1=" " ind2=" ">
    <subfield code="0">0</subfield>
    <subfield code="1">0</subfield>
    <subfield code="2">ddc</subfield>
    <subfield code="4">0</subfield>
    <subfield code="7">0</subfield>
    <subfield code="a">NQC</subfield>
    <subfield code="b">NQC</subfield>
    <subfield code="d">2022-04-26</subfield>
    <subfield code="l">0</subfield>
    <subfield code="o">681.2 CAR</subfield>
    <subfield code="p">Q-3688</subfield>
    <subfield code="r">2022-04-26</subfield>
    <subfield code="w">2022-04-26</subfield>
    <subfield code="y">BK</subfield>
  </datafield>
  <datafield tag="952" ind1=" " ind2=" ">
    <subfield code="0">0</subfield>
    <subfield code="1">0</subfield>
    <subfield code="2">ddc</subfield>
    <subfield code="4">0</subfield>
    <subfield code="7">0</subfield>
    <subfield code="a">NQC</subfield>
    <subfield code="b">NQC</subfield>
    <subfield code="d">2022-04-26</subfield>
    <subfield code="l">0</subfield>
    <subfield code="o">681.2 CAR</subfield>
    <subfield code="p">Q-3689</subfield>
    <subfield code="r">2022-04-26</subfield>
    <subfield code="w">2022-04-26</subfield>
    <subfield code="y">BK</subfield>
  </datafield>
  <datafield tag="952" ind1=" " ind2=" ">
    <subfield code="0">0</subfield>
    <subfield code="1">0</subfield>
    <subfield code="2">ddc</subfield>
    <subfield code="4">0</subfield>
    <subfield code="7">0</subfield>
    <subfield code="a">NQC</subfield>
    <subfield code="b">NQC</subfield>
    <subfield code="d">2022-04-26</subfield>
    <subfield code="l">0</subfield>
    <subfield code="o">681.2 CAR</subfield>
    <subfield code="p">Q-3690</subfield>
    <subfield code="r">2022-04-26</subfield>
    <subfield code="w">2022-04-26</subfield>
    <subfield code="y">BK</subfield>
  </datafield>
  <datafield tag="952" ind1=" " ind2=" ">
    <subfield code="0">0</subfield>
    <subfield code="1">0</subfield>
    <subfield code="2">ddc</subfield>
    <subfield code="4">0</subfield>
    <subfield code="7">0</subfield>
    <subfield code="a">NQC</subfield>
    <subfield code="b">NQC</subfield>
    <subfield code="d">2022-04-26</subfield>
    <subfield code="l">0</subfield>
    <subfield code="o">681.2 CAR</subfield>
    <subfield code="p">Q-3691</subfield>
    <subfield code="r">2022-04-26</subfield>
    <subfield code="w">2022-04-26</subfield>
    <subfield code="y">BK</subfield>
  </datafield>
  <datafield tag="952" ind1=" " ind2=" ">
    <subfield code="0">0</subfield>
    <subfield code="1">0</subfield>
    <subfield code="2">ddc</subfield>
    <subfield code="4">0</subfield>
    <subfield code="7">0</subfield>
    <subfield code="a">NQC</subfield>
    <subfield code="b">NQC</subfield>
    <subfield code="d">2022-04-26</subfield>
    <subfield code="l">0</subfield>
    <subfield code="o">681.2 CAR</subfield>
    <subfield code="p">Q-3692</subfield>
    <subfield code="r">2022-04-26</subfield>
    <subfield code="w">2022-04-26</subfield>
    <subfield code="y">BK</subfield>
  </datafield>
  <datafield tag="952" ind1=" " ind2=" ">
    <subfield code="0">0</subfield>
    <subfield code="1">0</subfield>
    <subfield code="2">ddc</subfield>
    <subfield code="4">0</subfield>
    <subfield code="7">0</subfield>
    <subfield code="a">NQC</subfield>
    <subfield code="b">NQC</subfield>
    <subfield code="d">2022-04-26</subfield>
    <subfield code="l">0</subfield>
    <subfield code="o">681.2 CAR</subfield>
    <subfield code="p">Q-3693</subfield>
    <subfield code="r">2022-04-26</subfield>
    <subfield code="w">2022-04-26</subfield>
    <subfield code="y">BK</subfield>
  </datafield>
</record>
